| 000 | 00680nam a22001937a 4500 | ||
|---|---|---|---|
| 003 | UA-OsUOA | ||
| 001 | 10235 | ||
| 007 | ta | ||
| 008 | 20041229b un ||||| |||| 00| 0 ukr d | ||
| 100 | _aКузьміна С. | ||
| 700 | _aЛевчук Л. | ||
| 942 | _cSA | ||
| 040 |
_aUA-OsUOA _cUA-OsUOA _dUA-OsUOA |
||
| 245 | _aУдосконалення адміністративно-господарських санкцій щодо порушень законодавства про захист прав споживачів | ||
| 300 | _aС.51-54 | ||
| 955 | _a0 | ||
| 773 | 0 |
_w0 _tПраво України _dКиїв _d2004 _gN12 |
|
| 650 | 7 |
_aГосподарське право _2UDC |
|
| 999 |
_c296396 _d296396 |
||